000 00602nam a2200217Ia 4500
003 OSt
005 20220927114345.0
006 a|||||r|||| 00| 0
007 ta
008 220926b |||||||| |||| 00| 0 eng d
024 _a149863
037 _cTextbook
040 _aRTL
_cRTL
_beng
041 _2eng
_aeng
082 _a"Y, TD"
110 _aPEOPLE;S UNION FOR FOR DEMOCRATIC RIGTS
_9388709
245 0 _aHaluting the minning juggernaut
_b People's struggle against
700 _aPEOPLE;S UNION FOR FOR DEMOCRATIC RIGTS
_9388710
942 _h"Y, TD"
_cCC
999 _c704632
_d704632